|
|
|
|
| LEADER |
00000nab a2200000uu 4500 |
| 001 |
vtls010879714 |
| 003 |
SK-MaSNL |
| 005 |
20260305044634.0 |
| 008 |
230303|2000 xo |||||||||||||||||eng| |
| 015 |
|
|
|a SNBRB
|
| 035 |
|
|
|a (urnnbn)urn:nbn:sk:snk:ar-005waj
|
| 035 |
|
|
|a (uuid)9c7fce60-61e3-4a8d-bdf8-13795999cf3e
|
| 035 |
|
|
|a urn:nbn:sk:snk-ab7nly
|
| 040 |
|
|
|a SNKBUCL
|b slo
|c SNKBUCL
|e AACR2
|
| 041 |
0 |
|
|a eng
|
| 044 |
|
|
|a xo
|c SK
|
| 100 |
1 |
|
|a Hudecová, Daniela,
|d 1948-
|4 aut
|9 213482
|
| 245 |
1 |
0 |
|a Characterization of Some New Mg(II) Complexes with Heterocyclic N-Donor Ligands and their Antimicrobial Effects
|c D. Hudecová, E. Jóna, M. Melník, S. C. Mojumdar
|
| 700 |
1 |
|
|a Jóna, Eugen,
|d 1936-2017
|4 aut
|9 152743
|
| 700 |
1 |
|
|a Melník, Milan,
|d 1938-2026
|4 aut
|9 212337
|
| 700 |
1 |
|
|a S. C. Mojumdar
|4 aut
|9 777051
|
| 773 |
0 |
|
|t Chemical papers
|g Roč. 54, č. 1 (2000), s. 39-44
|
| 958 |
|
|
|a OND
|
| 958 |
|
|
|a EUIPO
|
| 958 |
|
|
|a article8
|
| 999 |
|
|
|c 3359721
|d 3361651
|